Customs Act, 1962 with Customs Amendment Act, 1984 (Record no. 1191866)

MARC details
000 -LEADER
fixed length control field 00728nam a2200241Ia 4500
003 - CONTROL NUMBER IDENTIFIER
control field OSt
005 - DATE AND TIME OF LATEST TRANSACTION
control field 20221007110956.0
008 - FIXED-LENGTH DATA ELEMENTS--GENERAL INFORMATION
fixed length control field 221006b |||||||| |||| 00| 0 eng d
037 ## - SOURCE OF ACQUISITION
Terms of availability Textual
040 ## - CATALOGING SOURCE
Original cataloging agency LCO
Transcribing agency LCO
Language of cataloging eng
041 ## - LANGUAGE CODE
Source of code eng
Language code of text/sound track or separate title eng
245 #0 - TITLE STATEMENT
Title Customs Act, 1962 with Customs Amendment Act, 1984
260 ## - PUBLICATION, DISTRIBUTION, ETC.
Place of publication, distribution, etc. Delhi
Name of publisher, distributor, etc. Delhi Law House India
Date of publication, distribution, etc. 1986
300 ## - PHYSICAL DESCRIPTION
Extent 124
500 ## - GENERAL NOTE
General note Customs (Appeals) Rules, 1982 and Customs Excise and Gold (Control) Appellate Tribunal (Procedure) Rules, 1982
650 ## - SUBJECT ADDED ENTRY--TOPICAL TERM
Topical term or geographic name entry element CUSTOMS ACT
9 (RLIN) 682715
942 ## - ADDED ENTRY ELEMENTS (KOHA)
Classification part X7295qN62, M6
Koha item type Textual
Holdings
Withdrawn status Lost status Damaged status Not for loan Home library Current library Date acquired Total Checkouts Full call number Barcode Date last seen Price effective from Koha item type
        Law Centre-I Library Law Centre-I Library 2022-10-07   X7295qN62 M6 LO0928617 2022-10-07 2022-10-07 Textual
Copyright @ Delhi University Library System